000 00927nam a22002897a 4500
001 BR9903363
003 BR-BrBNA
005 20230928100357.0
007 ta
008 230509b bl.||||| |||| 00| 0 por d
040 _aBR-BrBNA
_bpor
_cBiblioteca Nacional de Agricultura
041 _a(Por)
072 _aE70
090 _ E70 BR9903363
100 1 _aAraujo, W.V. de
110 1 _aUniversidade Federal do Rio Grande do Sul, Porto Alegre (Brasil). Faculdade de Ciencias Economicas
_0Tese (Mestre em Economia)
_911167
245 1 _aProtecao comercial da agricultura sob o prisma da teoria da protecao efetiva; 1983-1992
260 3 _aPorto Alegre, RS (Brasil):
_c1997.
300 _a154 p.
500 _aBibliography p. 148-154; 39 tables; 10 illus.
650 _aComercializacao
650 _aPreco
650 _aPolitica Comercial
650 _aInsumo
909 _a202309
_bLucia
_c55
_dLucia Elande
942 _cBK
999 _c61115
_d61115